Città in lingua originale #2 - Statistics

Statistiche generali
  • Questo quiz è stato fatto 26 volte
  • Il punteggio medio è 9 su 15
Statistiche sulle risposte
Hint Risposta % Corretto
Barcelona Barcellona
100%
Wien Vienna
100%
München Monaco di Baviera
95%
La Habana L'Avana
91%
Praha Praga
91%
Астана Astana
68%
東京 Tokyo
68%
København Copenhagen
59%
Baile Átha Cliath Dublino
55%
Roseau Roseau
55%
Kaapstad Città del capo
36%
القاهرة Il Cairo
27%
الرِّبَاط Rabat
9%
मुम्बई Mumbai
5%
Èkó Lagos
0%
Nessun quiz corrispondente trovato
Distribuzione punteggi
Percentuale di utenti per punteggio
Percentile per numero di risposta
I tuoi punteggi nel tempo
Non hai fatto questo quiz